000 00942cab a2200241 4500
001 ABS54489
008 090401t1996 xxu||||| |||| 00| 0 eng d
035 _a(Sirsi) u10746
041 _aeng
100 _aHowell, J.
245 _aOn the trail of the timber treaters
260 _c1996
350 _a0
490 _aBuilding Engineer
_v71(1) January/February 1996, 16-18(3)
520 _aSuggests that some properties are being treated more than once for timber infestation, with the build-up of toxins causing potential health hazards. Legal implications and the cost of carrying out unnecessary work may be saved by a new analysis service - Timbercheck - that seeks to establish concentrations of insecticides.
650 _aHEALTH HAZARDS
650 _aINSECTICIDES
650 _aTIMBER TREATMENT
650 _aTIMBERCHECK
690 _aBUILDING AND CONSTRUCTION-REPAIRS AND MAINTENANCE
942 _n0
948 _c04/03/1997
999 _c6829
_d6829